Stolice Oceanii - Statystyki

Ogólne statystyki
  • Ten quiz został rozwiązany 8 314 razy
  • Średni wynik to 9 z 14
Statystyki odpowiedzi
Państwo Stolica % Poprawnych
Australia Canberra
97%
Nowa Zelandia Wellington
83%
Fidżi Suva
79%
Papua-Nowa Gwinea Port Moresby
68%
Vanuatu Port Vila
64%
Wyspy Salomona Honiara
63%
Samoa Apia
57%
Mikronezja Palikir
57%
Nauru Yaren
57%
Tonga Nuku alofa
51%
Wyspy Marshala Majuro
49%
Palau Ngerulmud
49%
Kiribati Tarawa
49%
Tuvalu Funafuti
47%
Nie znaleziono quizów pasujących do podanych kryteriów
Rozkład punktacji
Procent ludzi z każdym wynikiem
Percentyl według liczby udzielonych odpowiedzi
Twoja historia wyników
Nie rozwiązałeś tego quizu